L'Arabie saoudite pour les touristes... - Facile - Statistiques

Statistiques générales
  • Ce quiz a été pris 16 fois
  • Le résultat moyen est 11 sur 20
Statistiques - réponses
Question Indice Réponses Indice facile % Correct
Quelle est la langue officielle ? Arabe
100%
Achats à faire 1/ Fruits secs Dattes STADET
94%
Achats à faire 2/ Parfum de Oud DUO
88%
Le suffixe internet est sa
88%
Achats à faire 3/ Bois d' Agar RAGA
75%
Dans la capitale quel est le décalage horaire avec Paris ? (+ ou - et chiffre) ex - 10 ou + 3,5 + 1
69%
Combien d'heures (environ) mettrez-vous pour vous y rendre ? (en chiffres) 6
69%
Achats à faire 4/ Un tapis de Laine LIANE
69%
Comment se nomme la principale compagnie aérienne locale S Saudia DAUSIA
69%
Quel est le climat local ? D Désertique
63%
La religion majoritaire est Islam I
63%
Quel est le régime du pays ? M A Monarchie absolue
63%
Quelles sont les principaux lieux touristiques ? U Mount {Uhud} HUDU
63%
Quelles sont les principaux lieux touristiques ? M Masjid-an-Nabi à {Médine} DIEMNE
50%
Quelles sont les principaux lieux touristiques ? M Safa to {Marwa} WARMA
50%
Quelles sont les principaux lieux touristiques ? B Quartier de Balad à {Jeddah} DADHJED
19%
Quelle est la monnaie ? Riyal saoudien R
19%
Quelles sont les principaux lieux touristiques ? J Grotte de {Jabal-al-Nour} AJOURNAABLL
6%
Code sur les plaques minéralogiques KSA
6%
Le principal aéroport est D Dammam
0%
Aucun quiz correspondant
Distribution des résultats
% des personnes avec chaque résultat
Percentile par nombre de réponses
Votre historique - résultats
Vous n’avez pas pris ce quiz